Statistics for The 15 Largest National Parks In The World

Click here to take the quiz!

General Stats

  • This quiz has been taken 7 times
  • The average score is 3 of 15

Answer Stats

Size (Kilometers Squared)Park% Correct
344,400Great Barrier Reef Marine Park
86%
53,321Wrangell-St Elias National Park & Preserve
43%
78,051Arctic National Wildlife Refuge
14%
52,000Central Kalahari Game Reserve
14%
133,000Galapagos Marine Reserve
14%
99,800Great Limpopo Transfrontier Park
14%
519,912Kavango Zambezi Transfrontier Conservation Area
14%
49,768Namib-Naukluft National Park
14%
972,000Northeast Greenland National Park
14%
1,510,000Papahanaumokuakea Marine National Monument
14%
408,250Phoenix Islands Protected Area
14%
61,765Queen Maud Gulf Migratory Bird Sanctuary
14%
54,600Selous Game Reserve
14%
44,807Wood Buffalo National Park
14%
77,538Yukon Delta National Wildlife Range
14%

Score Distribution

Percentile by Number Answered

Percent of People with Each Score

Your Score History

You have not taken this quiz